Normal view
MARC view
Entry Corporate Name
001 - CONTROL NUMBER
- control field: 554054
003 - CONTROL NUMBER IDENTIFIER
- control field: OSt
005 - DATE AND TIME OF LATEST TRANSACTION
- control field: 20220930094009.0
008 - FIXED-LENGTH DATA ELEMENTS
- fixed length control field: 220930|| aca||aabn | a|a d
040 ## - CATALOGING SOURCE
- Original cataloging agency: OSt
- Transcribing agency: OSt
110 ## - HEADING--CORPORATE NAME
- Corporate name or jurisdiction name as entry element: University of Delhi. Facaulty of Education. Department of Education
670 ## - SOURCE DATA FOUND
- Source citation: Work cat.: (OSt)886394: Sawan Kumari Au. 554053, Reading in the first and second language in secondary grades, 2017
